Music Night Artists - Sudden Death - Statistics

General Stats
  • This quiz has been taken 25 times
    24 since last reset
  • The average score is 4 of 26
Answers on the Grid
Answers color-coded by a green-red scale on the quiz's grid according to % correct below.
Aaliyah
AJR
Ariana Grande
Bad Bunny
Beyoncé
Black Country, New Road
Cannibal Corpse
Carly Rae Jepsen
Dance Gavin Dance
Darkthrone
Death
Drake
Elvis Presley
Faraquet
Fiona Apple
Frank Ocean
Frank Zappa
Gorillaz
Harry Styles
John Denver
Joy Division
Kanye West
King Crimson
Loathe
NEEDTOBREATHE
Nirvana
One Direction
Pink Floyd
Playboi Carti
Radiohead
Rihanna
Sigur Rós
Taylor Swift
SZA
The Bobby Fuller Four
The New Pornographers
Twenty One Pilots
Tyler, the Creator
Viagra Boys
Zach Bryan
 
Answer Stats
Answer % Correct
5 AJR
60%
3 Beyoncé
60%
4 SZA
40%
6 Taylor Swift
40%
19 Elvis Presley
20%
5 John Denver
20%
10 Kanye West
20%
3 King Crimson
20%
8 Nirvana
20%
1 One Direction
20%
5 Pink Floyd
20%
3 Playboi Carti
20%
8 Radiohead
20%
16 Twenty One Pilots
20%
5 Tyler, the Creator
20%
2 Bad Bunny
0%
5 Black Country, New Road
0%
2 Death
0%
2 Faraquet
0%
11 Frank Ocean
0%
1 Frank Zappa
0%
1 Loathe
0%
19 NEEDTOBREATHE
0%
3 The Bobby Fuller Four
0%
4 The New Pornographers
0%
12 Zach Bryan
0%
No matching quizzes found
Score Distribution
Percent of People with Each Score
Percentile by Number Answered
Your Score History
You have not taken this quiz since the last reset